000 00622nam a2200193Ia 4500
008 151119s9999||||xx |||||||||||||| ||und||
082 _a28.5
082 _bGKKV9308
100 _aदेशपांडे कृ प
245 _aसंस्कार कथामाला भांग ३
260 _a--
260 _b--
260 _c0
600 _aदेशपांडे कृ प
630 _aसंस्कार कथामाला भांग ३
700 _aदेशपांडे कृ प
730 _aसंस्कार कथामाला भांग ३
942 _cBOOK
999 _c1063629
_d1063626